समाजशास्‍त्रीय संशोधन : तत्‍वे व पध्‍दती (Record no. 23808)

MARC details
000 -LEADER
fixed length control field 00486nam a2200157Ia 4500
008 - FIXED-LENGTH DATA ELEMENTS--GENERAL INFORMATION
fixed length control field 220531s9999 xx 000 0 und d
041 ## - LANGUAGE CODE
Language code of text/sound track or separate title mar
100 ## - MAIN ENTRY--PERSONAL NAME
Personal name घाटोळे रा. ना.
9 (RLIN) 39477
245 ## - TITLE STATEMENT
Title समाजशास्‍त्रीय संशोधन : तत्‍वे व पध्‍दती
260 ## - PUBLICATION, DISTRIBUTION, ETC. (IMPRINT)
Name of publisher, distributor, etc. Mangesh
Date of publication, distribution, etc. 1995
300 ## - PHYSICAL DESCRIPTION
Extent 247
542 ## - INFORMATION RELATING TO COPYRIGHT STATUS
Copyright holder 15-07-1998
650 ## - SUBJECT ADDED ENTRY--TOPICAL TERM
Topical term or geographic name as entry element Sociology
9 (RLIN) 39478
906 ## - LOCAL DATA ELEMENT F, LDF (RLIN)
d 1998-1999
f 6378
Holdings
Withdrawn status Lost status Source of classification or shelving scheme Damaged status Not for loan Home library Current library Date acquired Vendor Cost, normal purchase price Total Checkouts Total Holds Full call number Barcode Date last seen Bill Date Koha item type Original Barcode
    Dewey Decimal Classification     Shri Siddhivinayak Mahila Mahavidyalaya Shri Siddhivinayak Mahila Mahavidyalaya 15/07/1998 Varma 60.00   1 /-/B/4792 SSMM-BK-4792 06/08/2022 06/08/2022 Books 010004792